Ο Κυμαίος λαϊκός ποιητής Γεώργιος Ν. Χαρτσάς : εισαγωγή - έκδοση - σχόλια

Αποθηκεύτηκε σε:
Λεπτομέρειες βιβλιογραφικής εγγραφής
Κύριος συγγραφέας: Βαρβούνης, Εμμανουήλ Γερ., 1966-
Μορφή: Βιβλίο
Γλώσσα:Greek
Δημοσίευση: Αθήνα : Μορφωτικός και εκπολιτιστικός Σύλλογος Κύμης, 2010.
Θέματα:
Ετικέτες: Προσθήκη ετικέτας
Δεν υπάρχουν, Καταχωρήστε ετικέτα πρώτοι!

MARC

LEADER 00000cam a2200000 i 4500
001 1/23008
008 120924s2010 gr | ||| |||| ||gre||
020 |a 9789608586482 
035 |l 10113162 
040 |a GR-MyUA  |b gre  |e AACR2 
041 0 |a gre 
082 0 |a 398.09495  |2 (22) 
100 1 |a Βαρβούνης, Εμμανουήλ Γερ.,   |d 1966- 
245 1 2 |a Ο Κυμαίος λαϊκός ποιητής Γεώργιος Ν. Χαρτσάς :   |b εισαγωγή - έκδοση - σχόλια /   |c Μ. Γ. Βαρβούνης.  
260 |a Αθήνα :   |b Μορφωτικός και εκπολιτιστικός Σύλλογος Κύμης,   |c 2010.  
300 |a 235 σ. :   |b εικ. ;   |c 24 εκ.  
504 |a Βιβλιογραφία: σ. 231-235.  
600 1 0 |a Χαρτσάς Γεώργιος Ν.  |d 1880-1976. 
650 0 |a Folk poetry  |z Greece  |z Euboea Island. 
650 0 |a Folk literature  |z Greece  |z Euboea Island. 
651 0 |a Kyme (Euboea Island, Greece) 
852 |a INST  |b SAMOS  |e 20120924  |h 398.09495 ΒΑΡ  |p 005300033604  |q 005300033604  |t BK  |y 0 
901 |a BIBL3-2012-3 
970 |a ΚΟΣΙΕΡΗΣ  |b ΧΡΗΣΤΟΣ  |z 2012/09/21